000 00803nam a22002777a 4500
001 BR9300236
003 BR-BrBNA
005 20230928093804.0
007 ta
008 230509b bl.||||| |||| 00| 0 por d
040 _aBR-BrBNA
_bpor
_cBiblioteca Nacional de Agricultura
041 _a(Por)
072 _aK10
090 _ K10 BR9300236
110 1 _aSecretaria de Agricultura, Curitiba, PR (Brasil)
_98674
245 1 _aPolitica para o desenvolvimento integrado da atividade florestal paranaense. Versao de discussao
260 3 _aCuritiba, PR (Brasil):
_c1984.
300 _a25 p.
650 _aFloresta
650 _aPolitica Florestal
650 _aReflorestamento
650 _aReconhecimento Florestal
650 _aParana
909 _a202309
_bLucia
_c55
_dLucia Elande
942 _cBK
999 _c47116
_d47116